Sonatina /
Guardado en:
| Autor Principal: | |
|---|---|
| Otros Autores: | |
| Formato: | Libro |
| Publicado: |
Buenos Aires :
Kalandraka,
2014
|
| Materias: | |
| Etiquetas: |
Agregar Etiqueta
Sin Etiquetas, Sea el primero en etiquetar este registro!
|
| LEADER | 00772nam a22002655a 4500 | ||
|---|---|---|---|
| 001 | CEM.cems015240 | ||
| 005 | 20191025165155.0 | ||
| 008 | 130507s2014##################000#0#####d | ||
| 003 | CEMS | ||
| 020 | |a 9789871217700 | ||
| 082 | 0 | 4 | |a N861.3 |
| 100 | 1 | |a Darío, Rubén | |
| 245 | 1 | 0 | |a Sonatina / |c Rubén Darío ; ilustrado Por Carmela Mayor |
| 260 | |a Buenos Aires : |b Kalandraka, |c 2014 | ||
| 300 | |a 40 p. | ||
| 653 | |a Literatura | ||
| 653 | |a Literatura nicaraguense | ||
| 653 | |a Literatura infantil | ||
| 653 | |a Cuentos infantiles | ||
| 653 | |a Colección ciencias de la educación | ||
| 653 | |a Poesía | ||
| 653 | |a Poesía infantil | ||
| 653 | |a Soneto | ||
| 700 | 1 | |a Mayor, Carmela; il. | |
| 859 | |a CEMS |b BIB. CEMS - Ccias. Educacion |h N861.3 |i D248 |k CE |p 28434.19 |t Ej.1 | ||
